El derecho a la educación y la construcción de indicadores educativos con la participación de las escuelas (Record no. 174859)
[ view plain ]
| 000 -CABECERA | |
|---|---|
| campo de control de longitud fija | 02046nab a2200277 a 4500 |
| 005 - FECHA Y HORA DE LA ÚLTIMA TRANSACCIÓN | |
| campo de control | 20240920063827.0 |
| 008 - ELEMENTOS DE LONGITUD FIJA--INFORMACIÓN GENERAL | |
| campo de control de longitud fija | 991125s1985 mx 000 0 spa u |
| 035 ## - NÚMERO DE CONTROL DEL SISTEMA | |
| Número de control de sistema | UPN01000202758 |
| 049 ## - COLECCIÓN | |
| Colección | ART-E |
| 100 1# - ASIENTO PRINCIPAL--NOMBRE PERSONAL | |
| Nombre de persona | Ruiz Muñoz, María Mercedes |
| 9 (RLIN) | 31947 |
| 222 #0 - TÍTULO CLAVE | |
| Título clave | SINECTICA : REVISTA ELECTRONICA DE EDUCACION |
| 245 03 - MENCIÓN DE TÍTULO | |
| Título | El derecho a la educación y la construcción de indicadores educativos con la participación de las escuelas |
| 260 ## - PUBLICACIÓN, DISTRIBUCIÓN, ETC. | |
| Lugar de publicación, distribución, etc. | Guadalajara, México |
| 300 ## - DESCRIPCIÓN FÍSICA | |
| Extensión | 1-20 |
| 362 0# - FECHAS DE PUBLICACIÓN Y/O DESIGNACIÓN SECUENCIAL | |
| Fecha de publicación y/o designación secuencial | 2014, No. 43, jul.-dic. |
| 336 ## - TIPO DE CONTENIDO | |
| Término de tipo de contenido | texto$2rdacontent |
| 337 ## - TIPO DE MEDIO | |
| Nombre/término del tipo de medio | computadora$2rdamedia |
| 338 ## - TIPO DE SOPORTE | |
| Nombre/término del tipo de soporte | recurso en linea$2rdacarrier |
| 520 3# - NOTA DE RESUMEN, ETC. | |
| Sumario, etc. | El artículo examina de manera inductiva el derecho a la educación y la construcción de indicadores educativos desde la perspectiva del modelo de las 4as de Katarina Tomasevski (asequible o disponible, accesible, aceptable y adaptable.) y del paradigma de la investigación cualitativa. Con la participación de maestros y directivos de escuelas públicas de diferentes contextos socioculturales del país (Pueblo de Santa Fe, Distrito Federal; Nezahualcóyotl, Estado de México; y Los Altos de Chiapas, Chiapas.), se recuperan las voces de diversos actores de un proceso educativo. Parte de la metodología se basó en entrevistas en profundidad, observaciones y análisis de documentos. La perspectiva epistemológica que subyace en el ensayo supone que el sujeto investigador es el principal instrumento a lo largo del proceso en todas sus etapas, de modo que los énfasis puestos por él y la participación de los directivos, docentes, alumnos y padres de familia de las escuelas son cruciales para este trabajo. |
| 653 0# - TERMINO DE INDIZACION - NO CONTROLADO | |
| Término no controlado | DERECHO A LA EDUCACION |
| 653 0# - TERMINO DE INDIZACION - NO CONTROLADO | |
| Término no controlado | INDICADORES EDUCATIVOS |
| 653 0# - TERMINO DE INDIZACION - NO CONTROLADO | |
| Término no controlado | INVESTIGACION CUALITATIVA |
| 856 4# - LOCALIZACIÓN Y ACCESO ELECTRÓNICOS | |
| Identificador Uniforme del Recurso | <a href="http://www.sinectica.iteso.mx/?seccion=articulo&lang=es&id=651_el_derecho_a_la_educacion_y_la_construccion_de_indicadores_educativos_con_la_participacion_de_las_escuelas">http://www.sinectica.iteso.mx/?seccion=articulo&lang=es&id=651_el_derecho_a_la_educacion_y_la_construccion_de_indicadores_educativos_con_la_participacion_de_las_escuelas</a> |
| 905 ## - TIPO DE MATERIAL | |
| Tipo de material | Articulo |
No items available.
